000 00537nam a22002057a 4500
003 UA-OsUOA
001 8558
007 ta
008 20040805b un ||||| |||| 00| 0 ukr d
100 _aМарусяк Микола
942 _cSA
040 _aUA-OsUOA
_bukr
_cUA-OsUOA
_dUA-OsUOA
245 _aВікно: Оповідання
300 _aС.5
955 _a0
041 _aukr
044 _aUA
773 0 _w0
_tЛітературна Україна
_dКиїв
_d2004
_g№28
650 7 _aХудожня література
_2UDC
999 _c294719
_d294719